| 000 | 03278nam a2200325 a 4500 | ||
|---|---|---|---|
| 001 | 000020108 | ||
| 003 | DO-SdBNP | ||
| 005 | 20171009121825.0 | ||
| 007 | 000020108 | ||
| 008 | 100721s1964 dr 000 0 spa d | ||
| 040 |
_aBPMSU _bspa _cBPMSU |
||
| 082 | 0 | 4 |
_a923.27293 _bM524h |
| 245 | 0 | 0 | _aHomenaje a Mella |
| 260 | 0 |
_aSanto Domingo : _bEditora del Caribe, _c1964. |
|
| 300 |
_a302 p. ; _c24 cm. |
||
| 490 | 1 |
_aAcademia Dominicana de la Historia _v18 |
|
| 500 | _aIncluye índice de personas, lugares y materias | ||
| 500 | _aIncluye índice de personas, lugares y materias | ||
| 500 | _aA la cabeza del título : Centenario de la muerte de Mella, 1864-1964 | ||
| 504 | _aIncluye referencias bibliográficas y notas al pie de las páginas | ||
| 505 | 1 | _a Elogios de Mella. Matías Ramón Mella ; El disparo de Mella ; Mella y Santana / M. de J. Galván ; Duarte y Mella / Emiliano Tejera ; El general Ramón Mella ; De la tradición / C.N. Penson ; Coincidencias / José G. García ; Ramón Mella / E.M. de Hostos ; 27 de Febrero / Carlos Morales Languasco ; En honra de Mella ; Exhumación de los restos de Mella ; Apoteosis del general Ramón Mella ; Traslado de los restos de Mella ; Tributo / A. Malagón ; Programa ; Apoteosis de Mella ; Ramón Mella / Fed. Henríquez y Carvajal ; Oración / Monseñor A.A. Nouel ; Ramón Mella / Rafael Abreu Licairac ; Ramón Mella / Andrés J. Montolío ; Mella en Santiago / Fed. García Godoy ; Mella, Duarte y Sánchez / Joaquín U. Alfau ; Ramón Mella / Gustavo A. Díaz ; El general Mella / Leonidas García ; Matías Ramón Mella / Rufino Martínez ; ¡Siempre Mella! / M. de J. Troncoso de la Concha ; Matías Ramón Mella / Luis Emilio Perelló ; Ramón Mella y Castillo / Rafael Herrera Cabral ; El heroico trabucazo de Mella / Vetilio Alfau Durán ; Mella en Puerto Plata / A. Villanueva Astol ; Noticia biográfica de Mella ; En el día de Mella / E. Rodríguez Demorizi ; Los Mella en la separación y la restauración ; Ildefonso Mella en el destierro ; Centenario de Mella / Max Henríquez Ureña -- Documentos de Mella. Nacimiento de Mella / Alcides García Ll. ; Partida de matrimonio ; Testamento ; Defensa de Santiago / T.S. Heneken ; La misión de Mella en España / A. Angulo Guridi ; La misión de Mella en España ; En la revolución de 1857 ; Mella y la guerra de guerrillas / A. García Ll. ; Mella y la guerra de guerrillas ; Vicepresidente de la república ; Mella, la familia procera / C. Larrazábal Blanco -- Mella en al poesía. El disparo de Mella / Federico Henríquez y Carvajal ; Ramón Mella / R. Emilio Jiménez ; Ramón Mella / Víctor Garrido ; Dos sonetos / A. García Lluberes ; Ramón Mella / Julio A. Piñeyro ; Matías Ramón Mella / Juan B. Lamarche ; Grito de redención / Rafael Emilio Sanabia ; Disparo histórico / Clodomiro Romano ; Matías Ramón Mella / F. Benjamín Guzmán ; Mella / Alvarez Almánzar. | |
| 600 | 1 | 4 |
_aMELLA, MATÍAS RAMÓN, _d1816-1864 |
| 651 | 4 |
_aREPÚBLICA DOMINICANA _vBIOGRAFÍAS |
|
| 710 | 2 | _aAcademia Dominicana de la Historia | |
| 830 | 0 |
_aAcademia Dominicana de la Historia _n18 |
|
| 910 | _aValidado. Control de calidad MFF | ||
| 942 |
_2ddc _cBK |
||
| 945 | _aInventariado, 2017/MFF | ||
| 956 |
_aVMATEO _b10 _c20150527 _lBPMSU _h0069 |
||
| 999 |
_c7365 _d7365 |
||